00686nam a22001697a 4500003000900000008004100009040007100050082001800121110004500139245005700184260003900241300002800280505016600308650001300474650001600487650001300503AR-CdUCM190319b ||||| |||| 00| 0 spa d aMUNICIPALIDAD PROVINCIAL DEL CUSCOcBIBLIOTECA MUNICIPAL DEL CUSCO a109.74 /bE93 aUniversidad Nacional Autonoma de Mexico  aEstudios de historia de la filosofía en México / aMéxico : bUniversitaria,c1963. a322 páginas ;c23 cm. aContenido : El pensamiento prehispánico -- América -- La filosofía en México en los siglos XVI Y XVII -- La filosofía moderna en la nueva España ...  aHistoria aFilosofía aMéxico